Normal view
MARC view
- برمجيات الحاسوب-الحواسيب
Entry Topical Term
001 - CONTROL NUMBER
- control field: 32942
003 - CONTROL NUMBER IDENTIFIER
- control field: JO-AjAnu
005 - DATE AND TIME OF LATEST TRANSACTION
- control field: 20230606075530.0
008 - FIXED-LENGTH DATA ELEMENTS
- fixed length control field: 230606|| aca||aabn | a|a d
040 ## - CATALOGING SOURCE
- Original cataloging agency: JO-AjAnu
- Transcribing agency: JO-AjAnu
150 ## - HEADING--TOPICAL TERM
- Topical term or geographic name entry element: برمجيات الحاسوب-الحواسيب
670 ## - SOURCE DATA FOUND
- Source citation: Work cat.: (JO-AjAnu)16924: الزعبي،محمد بلال/م مشارك احمد الشرايعة , author 32941, الحاسوب والبرمجيات الجاهزة مهارات الحاسوب=computer Skill